000 00656cam a22002171 4500
001 pa 60000012
003 DLC
005 20260227111855.0
008 760622s1959 dcua i000 0 eng c
010 _apa 60000012
035 _a(OCoLC)2272403
040 _aPan Am Union
_cFU
_dDLC
042 _apremarc
050 0 0 _aF1402
_b.P35
082 _a341.187
110 2 _aPan American Union.
_bDepartment of Public Information.
245 0 4 _aThe Organization of American States: what it is and how it works.
260 _aWashington,
_bPan American Union,
_c1959.
300 _a46 p.
_billus., diagr.
_c18 cm.
610 2 0 _aOrganization of American States.
999 _c51417
_d51417